Legislación sobre pensiones /

En el presente volumen, la Secretaría de Haciena y Crédito Público edita la legislación vigente en materia de pensiones del estado. La Ley de Pensiones Civiles, se presenta con notas y concordancias para facilitar su cosulta.

Furkejuvvon:
Bibliográfalaš dieđut
Searvvušdahkki: México
Materiálatiipa: Girji
Giella:espánnjágiella
Fáttát:
Fáddágilkorat: Lasit fáddágilkoriid
Eai fáddágilkorat, Lasit vuosttaš fáddágilkora!

MARC

LEADER 00000nam^a2200000^a^4500
001 000121654
005 20250521000000.0
009 20260310094434.419
037 |a Acervo ITESO - Biblioteca 
041 |a ESP 
082 |a 344. 7201252  |b MEX 
110 |a México 
240 1 1 |a [Leyes, etc.] 
245 1 0 |a Legislación sobre pensiones /  |c México. 
264 |a México :  |b Secretaría de Hacienda y Crédito Público, Dirección General de Crédito,  |c 1958 
300 |a 212 p. 
336 |a texto  |b txt  |2 rdacontenido 
337 |a sin mediación  |b n  |2 rdamedio 
338 |a volumen  |b nc  |2 rdasoporte 
520 |a En el presente volumen, la Secretaría de Haciena y Crédito Público edita la legislación vigente en materia de pensiones del estado. La Ley de Pensiones Civiles, se presenta con notas y concordancias para facilitar su cosulta. 
649 |a XX 
650 |a Jubilaciones y Pensiones -  |z México -  |x Leyes y Reglamentos 
650 |a Seguridad Social -  |z México -  |x Aspectos Jurídicos 
650 |a Prestaciones Laborales -  |z México 
650 |a Derecho Social -  |z México 
650 |a Derecho Laboral -  |z México 
650 |a Derecho Público -  |z México 
910 |a Fondo Salvador Reynoso Reynoso 
920 |a Impresos - Libros 
930 |a Fondos Especiales 
905 |a 112 
901 |a 0800006529  |b IT2  |c ESP  |u 20250521 
902 |a https://opac.biblio.iteso.mx/vufind/Record/000121654